Huyền thoại về người phụ nữ Việt Nam
Vẻ đẹp của người phụ nữ Việt qua những truyền thuyết; Gương sáng của nữ giới từ thời đại vua Hùng đến cuôcí thế kỷ XIX; Gương sáng người phụ nữ trong kháng chiến chống Pháp; Gương sáng người phụ nữ trong kháng chiến chống Mỹ; Huyền thoại về mẹ - những bà mẹ Việt Nam anh hùng; Tình cảm của Bác Hồ với...
Guardat en:
| Altres autors: | |
|---|---|
| Format: | Llibre |
| Idioma: | Vietnamese |
| Publicat: |
Tp.HCM
Lao động
2011
|
| Matèries: | |
| Etiquetes: |
Afegir etiqueta
Sense etiquetes, Sigues el primer a etiquetar aquest registre!
|
| Thư viện lưu trữ: | Mạng thư viện Đại học Đà Nẵng |
|---|
| LEADER | 01589nam a2200313 4500 | ||
|---|---|---|---|
| 001 | 000019352 | ||
| 003 | 15787 | ||
| 005 | 20140421090445.0 | ||
| 008 | 140421s2011 viesd | ||
| 020 | |c 325000 | ||
| 041 | 0 | |a vie | |
| 082 | 1 | 4 | |a 959.70082 |b Huy |
| 245 | 0 | 0 | |a Huyền thoại về người phụ nữ Việt Nam |c Hạnh Nguyên biên soạn |
| 260 | |a Tp.HCM |b Lao động |c 2011 | ||
| 300 | |a 463 tr. |b ảnh |c 27 cm. | ||
| 520 | 3 | |a Vẻ đẹp của người phụ nữ Việt qua những truyền thuyết; Gương sáng của nữ giới từ thời đại vua Hùng đến cuôcí thế kỷ XIX; Gương sáng người phụ nữ trong kháng chiến chống Pháp; Gương sáng người phụ nữ trong kháng chiến chống Mỹ; Huyền thoại về mẹ - những bà mẹ Việt Nam anh hùng; Tình cảm của Bác Hồ với phụ nữ Việt Nam; Người phụ nữ qua tác phẩm nghệ thuật; Phụ nữ Việt Nam qua con mắt của người nước ngoài. | |
| 650 | 0 | 4 | |a Phụ nữ |x Huyền thoại |z Việt Nam |
| 653 | |a Phụ nữ Việt Nam | ||
| 700 | 1 | |a Hạnh Nguyên |e biên soạn | |
| OWN | |a LSP | ||
| AVA | |a UDN50 |b LSP |d 959.70082 Huy |e available |t Error 5001 Not defined in file expand_doc_bib_avail. |f 2 |g 0 |h N |i 0 |k 1 | ||
| 999 | |a From the UDN01 | ||
| AVA | |a UDN50 |b LSP |d 959.70082 Huy |e available |t Error 5001 Not defined in file expand_doc_bib_avail. |f 2 |g 0 |h N |i 0 |k 1 | ||
| TYP | |a Monograph | ||
| TYP | |a Printed language | ||
| 980 | |a Mạng thư viện Đại học Đà Nẵng | ||